[Event "Mundial Fide Femenino"]
[Site "?"]
[Date "2021.09.29"]
[Round "5.1"]
[White "Mkrtchian, Lilit"]
[Black "Goryachkina, Aleksandra"]
[Result "1/2-1/2"]
[BlackElo "2520"]
[WhiteElo "2306"]
[LiveChessVersion "1.4.8"]

1. c4 {[%clk 0:44:52]} e6 2. g3 d5 {[%clk 0:43:47]} 3. Bg2 {[%clk 0:44:57]} Nf6
{[%clk 0:43:24]} 4. Nf3 Be7 {[%clk 0:42:51]} 5. O-O {[%clk 0:42:15]} O-O
{[%clk 0:40:45]} 6. b3 {[%clk 0:40:48]} d4 {[%clk 0:39:38]} 7. e3 c5
{[%clk 0:39:46]} 8. exd4 {[%clk 0:40:37]} cxd4 {[%clk 0:39:48]} 9. d3
{[%clk 0:36:22]} Nc6 {[%clk 0:36:06]} 10. Re1 {[%clk 0:31:43]} Bd7
{[%clk 0:34:31]} 11. Ba3 {[%clk 0:28:41]} Re8 {[%clk 0:32:53]} 12. Bxe7 Qxe7 13.
a3 {[%clk 0:28:06]} a5 {[%clk 0:32:54]} 14. Nbd2 {[%clk 0:27:44]} h6
{[%clk 0:28:28]} 15. Qc2 {[%clk 0:23:10]} e5 {[%clk 0:27:09]} 16. c5
{[%clk 0:20:40]} Bf5 17. Nh4 {[%clk 0:20:28]} Bh7 {[%clk 0:26:30]} 18. Qc4
{[%clk 4:04:16]} Qe6 19. Qxe6 {[%clk 0:12:01]} Rxe6 {[%clk 0:25:05]} 20. Bf1
{[%clk 0:11:55]} g5 {[%clk 0:18:28]} 21. Nhf3 {[%clk 0:11:43]} Rae8
{[%clk 0:18:10]} 22. Nc4 e4 {[%clk 0:16:54]} 23. dxe4 {[%clk 0:11:38]} Nxe4 24.
Bh3 {[%clk 0:02:08]} f5 {[%clk 0:16:50]} 25. g4 {[%clk 0:02:17]} f4
{[%clk 0:16:27]} 26. b4 axb4 {[%clk 0:09:16]} 27. axb4 {[%clk 0:02:26]} Nxb4
{[%clk 0:09:11]} 28. Nxd4 {[%clk 0:02:24]} R6e7 29. Reb1 {[%clk 0:00:44]} Nd3
{[%clk 0:05:49]} 30. Nd6 Nxd6 {[%clk 0:05:48]} 31. cxd6 {[%clk 0:00:52]} Rd7
{[%clk 0:05:22]} 32. Rb6 {[%clk 0:00:14]} Re4 33. Nf5 Bxf5 {[%clk 0:03:27]} 34.
gxf5 {[%clk 0:00:22]} f3 {[%clk 0:03:34]} 35. Rd1 {[%clk 0:00:24]} Nf4
{[%clk 0:01:15]} 36. Bf1 Ne2+ 37. Bxe2 {[%clk 0:00:22]} fxe2 {[%clk 0:01:23]} 38.
Re1 Kf7 {[%clk 0:00:47]} 39. f3 {[%clk 0:00:37]} Re5 {[%clk 0:00:55]} 40. Kf2
{[%clk 0:00:44]} Kf6 {[%clk 0:00:59]} 41. Rxe2 {[%clk 0:00:48]} Rxe2+
{[%clk 0:01:05]} 42. Kxe2 {[%clk 0:00:30]} Kxf5 43. Kf2 Ke5 {[%clk 0:01:00]} 44.
Kg3 {[%clk 0:00:38]} Kd5 {[%clk 0:01:09]} 45. Kg4 {[%clk 0:00:40]} Kc5
{[%clk 0:01:16]} 46. Rb3 {[%clk 0:00:39]} b5 47. Rc3+ Kxd6 {[%clk 0:00:22]} 48.
Kh5 {[%clk 0:00:36]} b4 49. Rc4 {[%clk 0:00:13]} Rb7 {[%clk 0:00:33]} 50. Kxh6 b3
{[%clk 0:00:36]} 51. Rc1 {[%clk 0:00:30]} b2 {[%clk 0:00:42]} 52. Rb1
{[%clk 0:00:46]} Rb5 {[%clk 0:00:49]} 53. Kh5 Ke7 54. h4 {[%clk 0:00:23]} Kf6
{[%clk 0:00:34]} 55. hxg5+ {[%clk 0:00:27]} Rxg5+ {[%clk 0:00:43]} 56. Kh4
{[%clk 0:00:36]} Rg2 {[%clk 0:00:52]} 57. Kh3 {[%clk 0:00:41]} Rd2
{[%clk 0:01:00]} 58. Kg4 Ke5 59. f4+ {[%clk 0:00:21]} Ke4 {[%clk 0:00:45]} 60.
Re1+ {[%clk 0:00:12]} Kd4 {[%clk 0:00:23]} 61. Kf5 {[%clk 0:00:15]} Rf2 62. Kg5
{[%clk 0:00:21]} Rg2+ {[%clk 0:00:27]} 63. Kf6 {[%clk 0:00:28]} Rc2
{[%clk 0:00:31]} 64. Rb1 {[%clk 0:00:28]} Rc6+ 65. Kg5 Rb6 {[%clk 0:00:18]} 66.
f5 {[%clk 0:00:36]} Kc3 {[%clk 0:00:20]} 67. f6 {[%clk 0:00:44]} Rxf6
{[%clk 0:00:23]} 1/2-1/2

[Event "Mundial Fide Femenino"]
[Site "?"]
[Date "2021.09.29"]
[Round "5.2"]
[White "Kosteniuk, Alexandra"]
[Black "Sargsyan, Anna M."]
[Result "1/2-1/2"]
[BlackElo "2283"]
[WhiteElo "2517"]
[LiveChessVersion "1.4.8"]

1. e4 {[%clk 0:45:16]} e5 {[%clk 0:45:17]} 2. Nf3 {[%clk 0:45:23]} Nc6
{[%clk 0:45:24]} 3. Bb5 {[%clk 0:45:30]} a6 {[%clk 0:45:31]} 4. Ba4
{[%clk 0:45:37]} Nf6 {[%clk 0:45:39]} 5. d3 {[%clk 0:45:44]} Bc5 {[%clk 0:45:03]}
6. O-O {[%clk 0:44:19]} b5 {[%clk 0:45:01]} 7. Bb3 {[%clk 0:44:28]} d6
{[%clk 0:45:08]} 8. a4 {[%clk 0:44:16]} Rb8 {[%clk 0:45:09]} 9. h3
{[%clk 0:43:51]} h6 {[%clk 0:45:13]} 10. Nc3 {[%clk 0:43:38]} O-O
{[%clk 0:45:15]} 11. Ne2 {[%clk 0:42:35]} Be6 12. Bxe6 {[%clk 0:39:30]} fxe6
{[%clk 0:44:44]} 13. Ng3 Ne7 {[%clk 0:43:23]} 14. c3 {[%clk 0:38:39]} Ng6
{[%clk 0:43:04]} 15. d4 {[%clk 0:38:41]} exd4 {[%clk 0:42:41]} 16. cxd4
{[%clk 0:38:21]} Bb6 {[%clk 0:42:45]} 17. Qd3 {[%clk 0:35:44]} Qe8
{[%clk 0:41:57]} 18. a5 {[%clk 0:34:35]} Ba7 {[%clk 0:41:50]} 19. Be3
{[%clk 0:34:40]} Qf7 {[%clk 0:40:15]} 20. Rac1 Ra8 {[%clk 0:34:33]} 21. Rc6
{[%clk 0:32:39]} Bb8 22. Nd2 Ne7 {[%clk 0:29:16]} 23. Rc2 {[%clk 0:31:57]} Nh5
{[%clk 0:28:00]} 24. Nxh5 {[%clk 0:30:08]} Qxh5 {[%clk 0:28:07]} 25. Rfc1
{[%clk 0:25:26]} Kh8 {[%clk 0:27:20]} 26. Nf1 {[%clk 0:25:25]} Qg6 27. Ng3 d5
{[%clk 0:23:45]} 28. Rd1 {[%clk 0:24:31]} c5 {[%clk 0:23:06]} 29. dxc5 Bxg3
{[%clk 0:22:56]} 30. fxg3 {[%clk 0:22:48]} dxe4 31. Qe2 Nd5 {[%clk 0:21:37]} 32.
Kh2 {[%clk 0:20:11]} Rac8 {[%clk 0:21:04]} 33. Rcc1 {[%clk 0:18:29]} Rc6
{[%clk 0:19:39]} 34. Bd4 {[%clk 0:18:38]} Nb4 {[%clk 0:18:06]} 35. Rf1
{[%clk 0:15:06]} Rd8 {[%clk 0:17:51]} 36. Rcd1 {[%clk 0:15:15]} Nd3
{[%clk 0:17:47]} 37. Qe3 {[%clk 0:15:24]} Rdc8 38. Rxd3 {[%clk 0:04:25]} exd3
{[%clk 0:16:35]} 39. Rf4 {[%clk 0:04:35]} Qg5 {[%clk 0:13:34]} 40. Qxd3
{[%clk 0:04:29]} e5 {[%clk 0:13:14]} 41. Rf5 Qxf5 {[%clk 0:11:38]} 42. Qxf5
{[%clk 0:04:18]} exd4 {[%clk 0:11:47]} 43. Qd7 {[%clk 0:03:53]} Rxc5
{[%clk 0:11:38]} 44. Qxd4 {[%clk 0:04:02]} R5c6 {[%clk 0:11:37]} 45. Qd7 R6c7
{[%clk 0:08:19]} 46. Qe6 {[%clk 0:04:08]} Rc6 {[%clk 0:07:40]} 47. Qd7
{[%clk 0:04:17]} Rc2 {[%clk 0:07:48]} 48. Qe6 {[%clk 0:03:33]} R2c6
{[%clk 0:07:08]} 1/2-1/2

[Event "Mundial Fide Femenino"]
[Site "?"]
[Date "2021.09.29"]
[Round "5.3"]
[White "Gaboyan, Susanna"]
[Black "Lagno, Kateryna"]
[Result "0-1"]
[BlackElo "2521"]
[WhiteElo "2083"]
[LiveChessVersion "1.4.8"]

1. Nf3 {[%clk 0:45:17]} Nf6 {[%clk 0:45:18]} 2. g3 {[%clk 0:45:23]} g6
{[%clk 0:45:27]} 3. Bg2 {[%clk 0:45:30]} Bg7 {[%clk 0:45:34]} 4. O-O
{[%clk 0:45:35]} O-O {[%clk 0:45:42]} 5. d3 d5 {[%clk 0:45:48]} 6. Nbd2
{[%clk 0:45:47]} c5 {[%clk 0:45:55]} 7. e4 {[%clk 0:45:51]} Nc6 {[%clk 0:46:01]}
8. Qe2 {[%clk 0:43:39]} e5 {[%clk 0:45:53]} 9. h3 {[%clk 0:42:35]} b6
{[%clk 0:43:37]} 10. Re1 {[%clk 0:39:35]} Bb7 {[%clk 0:43:07]} 11. c3
{[%clk 0:38:21]} Re8 {[%clk 0:41:15]} 12. exd5 {[%clk 0:35:46]} Nxd5
{[%clk 0:41:22]} 13. Nc4 {[%clk 0:35:50]} b5 {[%clk 0:37:38]} 14. Ncd2
{[%clk 0:31:22]} f5 {[%clk 0:37:00]} 15. Nb3 {[%clk 0:29:05]} Qd6
{[%clk 0:36:57]} 16. Be3 {[%clk 0:28:40]} Nxe3 {[%clk 0:25:48]} 17. Qxe3
{[%clk 0:28:36]} Bf8 {[%clk 0:25:57]} 18. Rad1 {[%clk 0:27:12]} Rad8
{[%clk 0:26:03]} 19. Qg5 {[%clk 0:23:22]} a5 {[%clk 0:18:47]} 20. d4
{[%clk 0:22:20]} cxd4 {[%clk 0:18:19]} 21. cxd4 {[%clk 0:22:24]} e4
{[%clk 0:18:16]} 22. Ne5 {[%clk 0:21:24]} Nxe5 {[%clk 0:15:38]} 23. dxe5
{[%clk 0:21:26]} Qxd1 {[%clk 0:15:46]} 24. Rxd1 {[%clk 0:21:33]} Rxd1+
{[%clk 0:15:55]} 25. Kh2 {[%clk 0:21:39]} a4 {[%clk 0:15:44]} 26. Nc1
{[%clk 0:16:55]} Rxe5 {[%clk 0:11:09]} 27. Ne2 {[%clk 0:14:10]} Rd6
{[%clk 0:10:25]} 28. Qe3 {[%clk 0:13:03]} Bd5 {[%clk 0:10:04]} 29. Qc5
{[%clk 0:12:19]} Re8 {[%clk 0:08:06]} 30. Qxb5 {[%clk 0:11:53]} Bf7
{[%clk 0:08:14]} 31. Qxa4 {[%clk 0:08:02]} Rd2 {[%clk 0:08:21]} 32. Qb5
{[%clk 0:07:53]} Rc8 {[%clk 0:08:01]} 33. Nc3 {[%clk 0:00:42]} Rxf2
{[%clk 0:08:02]} 34. Kg1 {[%clk 0:00:50]} Rc2 {[%clk 0:06:57]} 35. Bf1
{[%clk 0:00:48]} Rd8 {[%clk 0:05:52]} 36. Bc4 {[%clk 0:00:41]} Rc1+
{[%clk 0:05:45]} 37. Kf2 {[%clk 0:00:21]} Rd2+ {[%clk 0:05:50]} 38. Be2
{[%clk 0:00:17]} Rcc2 {[%clk 0:05:38]} 39. a4 {[%clk 0:00:12]} Rxb2
{[%clk 0:05:46]} 40. Qa6 {[%clk 0:00:14]} Bc5+ {[%clk 0:05:43]} 41. Ke1
{[%clk 0:00:17]} Bd4 {[%clk 0:05:41]} 42. Bc4 {[%clk 0:00:12]} Bxc3
{[%clk 0:05:30]} 43. Bxf7+ {[%clk 0:00:13]} Kg7 {[%clk 0:05:34]} 0-1

[Event "Mundial Fide Femenino"]
[Site "?"]
[Date "2021.09.29"]
[Round "5.4"]
[White "Kashlinskaya, Alina"]
[Black "Ghukasyan, Siranush"]
[Result "1-0"]
[BlackElo "2168"]
[WhiteElo "2367"]
[LiveChessVersion "1.4.8"]

1. d4 {[%clk 0:45:17]} d5 {[%clk 0:45:18]} 2. c4 {[%clk 0:45:26]} c6
{[%clk 0:45:26]} 3. Nf3 {[%clk 0:45:34]} Nf6 {[%clk 0:45:30]} 4. Nc3
{[%clk 0:45:42]} dxc4 {[%clk 0:45:38]} 5. a4 {[%clk 0:45:50]} Bf5
{[%clk 0:45:43]} 6. e3 {[%clk 0:45:51]} e6 {[%clk 0:45:49]} 7. Bxc4
{[%clk 0:45:57]} Bb4 {[%clk 0:45:53]} 8. O-O {[%clk 0:45:08]} Nbd7 9. Qe2
{[%clk 0:43:55]} O-O {[%clk 0:45:14]} 10. e4 {[%clk 0:43:41]} Bg6
{[%clk 0:42:41]} 11. Bd3 {[%clk 0:43:23]} Re8 12. e5 {[%clk 0:35:17]} Nd5
{[%clk 0:42:08]} 13. Nxd5 {[%clk 0:34:54]} cxd5 {[%clk 0:42:13]} 14. Bxg6
{[%clk 0:34:11]} hxg6 15. Ng5 Be7 {[%clk 0:37:50]} 16. h4 {[%clk 0:29:08]} Rc8
{[%clk 0:34:15]} 17. Be3 {[%clk 0:27:24]} Nb8 {[%clk 0:32:26]} 18. g3
{[%clk 0:25:11]} Nc6 {[%clk 0:31:05]} 19. Kg2 {[%clk 0:22:55]} Nb4 20. Qf3
{[%clk 0:20:56]} Rf8 {[%clk 0:21:17]} 21. Rad1 Nc2 {[%clk 0:19:38]} 22. Rh1
{[%clk 0:17:03]} Rc4 {[%clk 0:17:05]} 23. Rd2 Nxe3+ {[%clk 0:12:17]} 24. Qxe3
{[%clk 0:15:53]} Rxa4 {[%clk 0:11:55]} 25. Qf4 {[%clk 0:13:00]} Rb4 26. g4
{[%clk 0:08:32]} Rb3 {[%clk 0:05:41]} 27. Rc1 {[%clk 0:08:30]} Qb6
{[%clk 0:04:27]} 28. h5 Rxb2 29. Rxb2 {[%clk 0:05:25]} Qxb2 {[%clk 0:04:00]} 30.
Nf3 g5 {[%clk 0:01:37]} 31. Qe3 {[%clk 0:04:34]} Qb6 {[%clk 0:01:17]} 32. Nxg5
{[%clk 0:02:19]} Bxg5 {[%clk 0:01:19]} 33. Qxg5 {[%clk 0:02:28]} Qxd4
{[%clk 0:00:49]} 34. Rc7 b5 35. f3 {[%clk 0:01:09]} Qd3 {[%clk 0:00:16]} 36. Rxa7
{[%clk 0:01:03]} Rc8 37. h6 {[%clk 0:00:17]} Qh7 {[%clk 0:00:16]} 38. Qf4
{[%clk 0:00:15]} gxh6 {[%clk 0:00:20]} 39. Rb7 {[%clk 0:00:24]} b4
{[%clk 0:00:13]} 40. Rxb4 {[%clk 0:00:26]} Rc2+ {[%clk 0:00:20]} 41. Kg3 Qg6
{[%clk 0:00:17]} 42. Rb8+ {[%clk 0:00:44]} Kg7 {[%clk 0:00:22]} 43. Qb4 Qh7
{[%clk 0:00:13]} 44. Qe7 {[%clk 0:00:40]} 1-0

[Event "Mundial Fide Femenino"]
[Site "?"]
[Date "2021.09.29"]
[Round "5.5"]
[White "Harika, Dronavalli"]
[Black "Sebag, Marie"]
[Result "1/2-1/2"]
[BlackElo "2401"]
[WhiteElo "2450"]
[LiveChessVersion "1.4.8"]

1. e4 {[%clk 0:45:09]} c5 {[%clk 0:45:17]} 2. Nc3 {[%clk 0:45:17]} Nc6
{[%clk 0:45:03]} 3. Bb5 {[%clk 0:45:25]} Nd4 {[%clk 0:44:00]} 4. Nf3
{[%clk 0:43:34]} a6 {[%clk 0:40:39]} 5. Bd3 {[%clk 0:43:42]} Nc6 {[%clk 0:40:05]}
6. O-O {[%clk 0:43:20]} g6 {[%clk 0:39:51]} 7. Re1 {[%clk 0:40:24]} d6
{[%clk 0:38:31]} 8. Nd5 {[%clk 0:38:40]} e6 {[%clk 0:33:47]} 9. Ne3
{[%clk 0:38:46]} Bg7 {[%clk 0:32:51]} 10. c3 {[%clk 0:38:54]} Nge7
{[%clk 0:31:39]} 11. Bf1 {[%clk 0:36:21]} d5 {[%clk 0:28:07]} 12. exd5
{[%clk 0:32:49]} Nxd5 {[%clk 0:27:14]} 13. d3 {[%clk 0:24:52]} O-O
{[%clk 0:26:57]} 14. a4 {[%clk 0:24:40]} b6 {[%clk 0:25:32]} 15. Nc4
{[%clk 0:18:38]} Bb7 {[%clk 0:21:46]} 16. Bg5 {[%clk 0:18:43]} Qc7
{[%clk 0:18:48]} 17. Qc1 {[%clk 0:18:09]} b5 {[%clk 0:14:24]} 18. axb5 axb5
{[%clk 0:14:32]} 19. Rxa8 {[%clk 0:18:26]} Rxa8 {[%clk 0:13:47]} 20. Ne3
{[%clk 0:18:32]} Nce7 {[%clk 0:10:42]} 21. Nxd5 {[%clk 0:16:07]} Nxd5
{[%clk 0:10:20]} 22. Bh6 {[%clk 0:14:17]} Bxh6 {[%clk 0:07:31]} 23. Qxh6
{[%clk 0:14:13]} Ra2 {[%clk 0:07:24]} 24. Rb1 {[%clk 0:07:15]} Qf4
{[%clk 0:05:12]} 25. Qxf4 {[%clk 0:07:21]} Nxf4 {[%clk 0:05:21]} 26. Ne5
{[%clk 0:07:02]} b4 {[%clk 0:04:18]} 27. g3 {[%clk 0:04:21]} Nd5 {[%clk 0:03:56]}
28. Bg2 {[%clk 0:04:19]} Ba6 {[%clk 0:01:12]} 29. c4 {[%clk 0:01:24]} Ne7
{[%clk 0:01:15]} 30. Nd7 {[%clk 0:01:18]} Ra5 {[%clk 0:01:18]} 31. Re1
{[%clk 0:01:19]} Nf5 {[%clk 0:00:30]} 32. h4 {[%clk 0:01:00]} Nd4
{[%clk 0:00:28]} 33. Re5 {[%clk 0:01:01]} Bc8 {[%clk 0:00:21]} 34. Nf6+
{[%clk 0:00:56]} Kg7 {[%clk 0:00:24]} 35. Ne4 {[%clk 0:00:56]} Nb3
{[%clk 0:00:26]} 36. Nd6 {[%clk 0:00:52]} Ba6 {[%clk 0:00:25]} 37. h5 Ra1+
{[%clk 0:00:29]} 38. Kh2 {[%clk 0:00:51]} Ra2 {[%clk 0:00:38]} 39. h6+
{[%clk 0:00:47]} Kf6 {[%clk 0:00:39]} 40. Re2 {[%clk 0:00:45]} Nd4
{[%clk 0:00:44]} 41. Rd2 {[%clk 0:00:50]} Nb3 {[%clk 0:00:51]} 42. Re2
{[%clk 0:00:57]} Nd4 {[%clk 0:01:00]} 43. Rd2 {[%clk 0:01:01]} Nb3
{[%clk 0:01:08]} 44. Re2 {[%clk 0:01:01]} Nd4 {[%clk 0:01:17]} 45. Rd2
{[%clk 0:01:11]} Ke5 1/2-1/2

[Event "Mundial Fide Femenino"]
[Site "?"]
[Date "2021.09.29"]
[Round "5.6"]
[White "Navrotescu, Andreea"]
[Black "Tania, Sachdev"]
[Result "1/2-1/2"]
[BlackElo "2339"]
[WhiteElo "2220"]
[LiveChessVersion "1.4.8"]

1. c4 {[%clk 0:45:17]} e5 {[%clk 0:45:13]} 2. Nc3 {[%clk 0:45:22]} Nf6
{[%clk 0:45:18]} 3. Nf3 {[%clk 0:45:26]} Nc6 {[%clk 0:45:24]} 4. e3
{[%clk 0:45:32]} Bb4 {[%clk 0:45:25]} 5. Qc2 {[%clk 0:45:38]} d6 {[%clk 0:45:11]}
6. Nd5 {[%clk 0:45:11]} Ba5 {[%clk 0:45:14]} 7. a3 {[%clk 0:44:45]} Nxd5
{[%clk 0:44:22]} 8. cxd5 {[%clk 0:44:51]} Ne7 {[%clk 0:44:29]} 9. Bc4
{[%clk 0:38:53]} Bb6 {[%clk 0:38:20]} 10. O-O {[%clk 0:38:10]} O-O
{[%clk 0:35:16]} 11. d4 {[%clk 0:35:11]} exd4 {[%clk 0:29:49]} 12. Nxd4
{[%clk 0:34:57]} Bxd4 {[%clk 0:27:54]} 13. exd4 {[%clk 0:35:04]} Bf5
{[%clk 0:27:57]} 14. Qb3 {[%clk 0:34:29]} Rb8 {[%clk 0:26:02]} 15. Bg5
{[%clk 0:32:12]} h6 {[%clk 0:25:04]} 16. Bh4 {[%clk 0:32:11]} Qd7
{[%clk 0:24:21]} 17. Rfe1 {[%clk 0:31:52]} Ng6 {[%clk 0:22:20]} 18. Bg3
{[%clk 0:31:59]} Qd8 {[%clk 0:18:23]} 19. Rac1 {[%clk 0:30:41]} Qg5
{[%clk 0:14:40]} 20. Bf1 {[%clk 0:30:01]} Rfc8 {[%clk 0:07:26]} 21. Qe3
{[%clk 0:25:43]} Qf6 {[%clk 0:06:46]} 22. Qf3 {[%clk 0:24:07]} Nf8
{[%clk 0:05:37]} 23. Rc4 {[%clk 0:22:32]} Qg6 {[%clk 0:05:08]} 24. Qc3
{[%clk 0:21:58]} Nd7 {[%clk 0:02:42]} 25. Rxc7 {[%clk 0:21:53]} Nb6
{[%clk 0:02:47]} 26. Rxc8+ {[%clk 0:21:39]} Rxc8 {[%clk 0:02:55]} 27. Qa5
{[%clk 0:20:46]} Qf6 {[%clk 0:02:04]} 28. Qxa7 {[%clk 0:19:52]} Qxd4
{[%clk 0:02:12]} 29. Qxb7 {[%clk 0:17:34]} Qd2 {[%clk 0:01:38]} 30. f3
{[%clk 0:16:07]} Nxd5 {[%clk 0:01:33]} 31. Re2 {[%clk 0:14:40]} Qd1
{[%clk 0:01:26]} 32. Re1 {[%clk 0:14:45]} Qd2 {[%clk 0:01:35]} 33. Re2
{[%clk 0:14:16]} Qd1 {[%clk 0:01:44]} 34. Re1 {[%clk 0:12:55]} 1/2-1/2

[Event "Mundial Fide Femenino"]
[Site "?"]
[Date "2021.09.29"]
[Round "5.7"]
[White "Kulkarni, Bhakti"]
[Black "Benmesbah, Natacha"]
[Result "1-0"]
[BlackElo "2193"]
[WhiteElo "2325"]
[LiveChessVersion "1.4.8"]

1. d4 {[%clk 0:45:08]} Nf6 {[%clk 0:45:18]} 2. Nf3 {[%clk 0:45:12]} g6
{[%clk 0:44:11]} 3. Bf4 {[%clk 0:44:42]} Bg7 {[%clk 0:44:14]} 4. Nbd2
{[%clk 0:43:02]} d6 {[%clk 0:41:18]} 5. e3 {[%clk 0:42:37]} Nbd7 {[%clk 0:38:22]}
6. h3 {[%clk 0:42:28]} O-O {[%clk 0:38:29]} 7. Be2 {[%clk 0:42:25]} Qe8
{[%clk 0:33:26]} 8. O-O {[%clk 0:40:35]} e5 {[%clk 0:33:31]} 9. Bh2
{[%clk 0:36:17]} Kh8 {[%clk 0:29:41]} 10. dxe5 {[%clk 0:32:14]} Nxe5
{[%clk 0:28:32]} 11. Nxe5 {[%clk 0:32:00]} dxe5 {[%clk 0:28:41]} 12. Nc4
{[%clk 0:31:33]} Nd7 {[%clk 0:27:33]} 13. Qd5 {[%clk 0:27:52]} Nb6
{[%clk 0:27:07]} 14. Qc5 {[%clk 0:26:38]} Nxc4 {[%clk 0:23:09]} 15. Bxc4
{[%clk 0:26:34]} c6 {[%clk 0:22:27]} 16. e4 {[%clk 0:25:00]} b6 {[%clk 0:16:53]}
17. Qd6 {[%clk 0:19:43]} Bb7 {[%clk 0:15:32]} 18. Qc7 {[%clk 0:18:59]} Qb8
{[%clk 0:15:14]} 19. Qe7 {[%clk 0:18:38]} c5 {[%clk 0:13:43]} 20. Bxf7
{[%clk 0:08:28]} Bxe4 {[%clk 0:13:42]} 21. Rad1 {[%clk 0:08:05]} Bc6
{[%clk 0:13:39]} 22. Bd5 {[%clk 0:07:28]} Bxd5 {[%clk 0:13:08]} 23. Rxd5
{[%clk 0:07:37]} Qe8 {[%clk 0:12:50]} 24. Qc7 Rf7 {[%clk 0:08:12]} 25. Qd6
{[%clk 0:06:37]} e4 {[%clk 0:07:08]} 26. Be5 {[%clk 0:05:36]} Re7
{[%clk 0:06:20]} 27. Bf6 {[%clk 0:05:07]} Re6 {[%clk 0:06:12]} 28. Bxg7+
{[%clk 0:05:14]} Kxg7 {[%clk 0:06:21]} 29. Qg3 {[%clk 0:04:58]} Qf7
{[%clk 0:03:20]} 30. Rfd1 {[%clk 0:04:58]} Rae8 {[%clk 0:03:29]} 31. Qe3
{[%clk 0:04:40]} Qf6 {[%clk 0:03:25]} 32. c3 {[%clk 0:04:33]} R6e7
{[%clk 0:02:47]} 33. a4 {[%clk 0:04:40]} Qc6 {[%clk 0:02:45]} 34. a5
{[%clk 0:04:15]} Qa4 {[%clk 0:02:36]} 35. axb6 {[%clk 0:04:02]} axb6
{[%clk 0:02:45]} 36. R1d2 {[%clk 0:03:41]} Re5 {[%clk 0:02:09]} 37. Rd7+
{[%clk 0:02:44]} R8e7 {[%clk 0:01:55]} 38. Qf4 {[%clk 0:02:33]} R5e6
{[%clk 0:01:35]} 39. Qc7 {[%clk 0:01:55]} Kf6 {[%clk 0:01:08]} 40. Rxe7
{[%clk 0:01:54]} Rxe7 {[%clk 0:01:17]} 41. Qxb6+ {[%clk 0:02:01]} Kf7
{[%clk 0:00:59]} 42. Qxc5 {[%clk 0:02:05]} Qa1+ {[%clk 0:00:58]} 43. Kh2
{[%clk 0:02:13]} Qe1 {[%clk 0:01:06]} 44. Qc4+ {[%clk 0:02:10]} Kg7
{[%clk 0:01:14]} 45. Re2 {[%clk 0:02:12]} Qb1 {[%clk 0:01:09]} 46. b4
{[%clk 0:02:11]} Kf8 {[%clk 0:00:46]} 47. Qd4 {[%clk 0:02:06]} Qd3
{[%clk 0:00:41]} 48. Qh8+ {[%clk 0:01:47]} Kf7 {[%clk 0:00:48]} 49. Qxh7+
{[%clk 0:01:52]} Kf8 {[%clk 0:00:44]} 50. Qh6+ {[%clk 0:01:53]} Ke8
{[%clk 0:00:47]} 51. Rd2 {[%clk 0:01:39]} 1-0

[Event "Mundial Fide Femenino"]
[Site "?"]
[Date "2021.09.29"]
[Round "5.8"]
[White "Alexieva, Silvia"]
[Black "Gomes, Mary Ann"]
[Result "0-1"]
[BlackElo "2149"]
[WhiteElo "2277"]
[LiveChessVersion "1.4.8"]

1. d4 {[%clk 0:45:17]} Nf6 {[%clk 0:45:04]} 2. Nf3 {[%clk 0:45:23]} e6
{[%clk 0:45:09]} 3. e3 {[%clk 0:44:52]} b6 {[%clk 0:45:06]} 4. Bd3
{[%clk 0:44:41]} Bb7 {[%clk 0:45:11]} 5. O-O {[%clk 0:44:46]} c5 {[%clk 0:45:05]}
6. b3 {[%clk 0:43:47]} Be7 {[%clk 0:44:51]} 7. Bb2 {[%clk 0:43:54]} O-O
{[%clk 0:44:55]} 8. c4 {[%clk 0:43:45]} d5 {[%clk 0:44:02]} 9. cxd5
{[%clk 0:43:09]} Bxd5 {[%clk 0:41:22]} 10. Nc3 {[%clk 0:39:36]} Bb7
{[%clk 0:41:30]} 11. dxc5 {[%clk 0:37:50]} Bxc5 {[%clk 0:40:06]} 12. Qe2
{[%clk 0:36:36]} Nbd7 {[%clk 0:39:51]} 13. Rfd1 {[%clk 0:35:53]} Qe7
{[%clk 0:38:53]} 14. Ba6 {[%clk 0:33:47]} Bxa6 {[%clk 0:35:21]} 15. Qxa6
{[%clk 0:33:54]} Bb4 {[%clk 0:34:57]} 16. Rac1 {[%clk 0:29:06]} Bxc3
{[%clk 0:23:25]} 17. Bxc3 {[%clk 0:26:23]} Nc5 {[%clk 0:17:54]} 18. Qe2
{[%clk 0:25:50]} Nfe4 {[%clk 0:17:11]} 19. Bb2 {[%clk 0:24:48]} Rac8
{[%clk 0:16:53]} 20. Ne5 {[%clk 0:20:24]} f6 {[%clk 0:16:36]} 21. Nc4
{[%clk 0:19:13]} Rfd8 {[%clk 0:15:55]} 22. f3 {[%clk 0:19:12]} Ng5
{[%clk 0:15:04]} 23. e4 {[%clk 0:17:13]} Rxd1+ {[%clk 0:12:23]} 24. Rxd1
{[%clk 0:17:21]} Rd8 {[%clk 0:12:29]} 25. e5 {[%clk 0:14:46]} f5 {[%clk 0:10:50]}
26. Ba3 {[%clk 0:11:09]} Nf7 {[%clk 0:09:13]} 27. Rxd8+ {[%clk 0:09:28]} Qxd8
{[%clk 0:09:00]} 28. Bxc5 {[%clk 0:09:03]} bxc5 {[%clk 0:09:09]} 29. g3
{[%clk 0:09:02]} Qd4+ {[%clk 0:08:47]} 30. Kg2 {[%clk 0:09:06]} f4
{[%clk 0:08:23]} 31. g4 {[%clk 0:08:48]} g5 {[%clk 0:06:25]} 32. h3
{[%clk 0:08:36]} Kg7 {[%clk 0:06:20]} 33. Kh2 {[%clk 0:08:08]} Nd8
{[%clk 0:04:52]} 34. Qd2 {[%clk 0:07:02]} Nc6 {[%clk 0:03:54]} 35. Qxd4
{[%clk 0:07:10]} cxd4 {[%clk 0:02:57]} 36. Kg2 {[%clk 0:07:12]} d3
{[%clk 0:03:05]} 37. Kf2 {[%clk 0:07:12]} Nd4 {[%clk 0:03:14]} 38. Nb2
{[%clk 0:04:15]} d2 {[%clk 0:03:16]} 39. b4 {[%clk 0:01:48]} Kf7 {[%clk 0:03:02]}
40. a4 {[%clk 0:01:57]} Ke7 {[%clk 0:02:08]} 41. Nd1 {[%clk 0:02:05]} a6
{[%clk 0:01:47]} 42. Nc3 {[%clk 0:01:33]} Kd7 {[%clk 0:01:50]} 43. Nd1
{[%clk 0:01:07]} Kc7 {[%clk 0:01:57]} 44. Nc3 {[%clk 0:01:10]} Kc6
{[%clk 0:02:05]} 45. Kg2 {[%clk 0:00:35]} Ne2 {[%clk 0:01:59]} 46. Nd1
{[%clk 0:00:39]} Kd5 {[%clk 0:02:05]} 47. Kf2 {[%clk 0:00:46]} Nd4
{[%clk 0:01:52]} 48. b5 {[%clk 0:00:45]} axb5 {[%clk 0:01:57]} 49. axb5
{[%clk 0:00:54]} Kxe5 {[%clk 0:01:59]} 50. b6 {[%clk 0:00:55]} Kd6
{[%clk 0:02:07]} 51. Nc3 {[%clk 0:01:02]} Ke5 0-1